Представление документа в формате RUSMARC

Поле Инд. ПП Название Значение
Тип записи a
Библиографический уровень a
001 Контрольный номер 8042a8e7f26141eca93d17e5d345dea8
005 Дата корректировки 20190614131534.9
100 a Данные общей обработки 20190614 ||| 0rusy0189 ca
101 0_ a Язык текста rus
102 a Страна публикации RU
200 1_ f Первые сведения об ответственности Г.Н. Василенко
a Заглавие К вопросу об административной ответственности в сфере декларирования
b Общее обозначение материала Текст
210 1_ d Дата издания 2019
461 _0 1 2000
a Административное право и процесс
463 _0 1 2000
a № 6
v С. 41-44
1 2101
d 2019
1 00188161c98aee74e70b9318f2ac38cb965
606 a Основная рубрика Административное право
610 0_ a Ключевые слова АДМИНИСТРАТИВНАЯ ОТВЕТСТВЕННОСТЬ
a Ключевые слова ДЕКЛАРАЦИЯ
700 _1 a Фамилия Василенко
b Имя Г.Н.
801 _0 a Страна RU
b Организация РГУП
c Дата составления 20190614
g Правила каталогизации PSBO
801 _1 a Страна RU
b Организация РГУП
c Дата составления 20190614
g Правила каталогизации PSBO
901 t Тип документа b
w Контрольный № источника 88161c98aee74e70b9318f2ac38cb965
905 a Дата ввода 20190614